Trenerzy na Mistrzostwach Świata 2018 - Statystyki

Ogólne statystyki
  • Ten quiz został rozwiązany 82 razy
    71 od ostatniego zresetowania
  • Średni wynik to 11 z 32
Statystyki odpowiedzi
Reprezentacja Trener % Poprawnych
Polska Adam Nawałka
97%
Niemcy Joachim Löw
85%
Francja Didier Deschamps
84%
Anglia Gareth Southgate
82%
Belgia Roberto Martínez
79%
Portugalia Fernando Santos
76%
Rosja Stanisław Czerczesow
69%
Chorwacja Zlatko Dalić
63%
Brazylia Tite
57%
Hiszpania Fernando Hierro
54%
Szwajcaria Vladimir Petković
47%
Urugwaj Óscar Tabárez
40%
Argentyna Jorge Sampaoli
38%
Maroko Hervé Renard
34%
Senegal Aliou Cissé
28%
Iran Carlos Queiroz
28%
Kolumbia José Néstor Pekerman
25%
Szwecja Janne Andersson
16%
Dania Åge Hareide
12%
Nigeria Gernot Rohr
9%
Egipt Héctor Cúper
9%
Arabia Saudyjska Juan Antonio Pizzi
9%
Peru Ricardo Gareca
6%
Japonia Akira Nishino
4%
Serbia Mladen Krstajić
4%
Australia Bert van Marwijk
3%
Islandia Heimir Hallgrímsson
3%
Meksyk Juan Carlos Osorio
3%
Korea Południowa Shin Tae-yong
3%
Panama Hernán Darío Gómez
1%
Tunezja Nabil Maâloul
1%
Kostaryka Óscar Ramírez
1%
Nie znaleziono quizów pasujących do podanych kryteriów
Rozkład punktacji
Procent ludzi z każdym wynikiem
Percentyl według liczby udzielonych odpowiedzi
Twoja historia wyników
Nie rozwiązałeś tego quizu od ostatniego zresetowania